| 000 | 00400nam a2200157Ia 4500 | ||
|---|---|---|---|
| 003 | LK-CoDNM | ||
| 008 | 010623t1969 xxu||||| |||| 00| 1 eng d | ||
| 040 |
_aLK-CoDNM _dLK-CoDNM _eLK-CoDNM |
||
| 041 | _aeng | ||
| 080 | _ax 820(3-053.2) WIJ | ||
| 100 | _aWijeratne, Amara | ||
| 245 | _aThe flower thieves | ||
| 260 |
_bLake house investment _aColombo _c1969 |
||
| 300 | _b35, 21.5 cm | ||
| 942 | _cBK | ||
| 999 |
_c107841 _d107841 |
||